1740 1118 1776 1739 1644 1811 1022 1607 1951 1520 1901 1961 1732 1367 1661 1215 1337 1742 1277 1761 1966 1028 1379 1997 1805 1846 1434 1683 1010 1790 1411 1070 1339 1861 1293 1538 1191 1245 1203 1901 1759 1713 1551 1358 1444 1232 1153 1603 1115 1109 1084 1666 1214 1847 1154 1425 1493 1105 1532 1606 1613 1832 1140 1259 1898 1664 1015 1259 1241 1648 1853 1308 1211 1390 1879 1720 1834 1257 1986 1229 1885 1867 1222 1131 1231 1859 1853 1430 1581 1807 1816 1951 1077 1623 1725 1947 1746 1510 1939 BCNSPRNW ULIB Ver.6.0+V

เปลี่ยนเป็นภาษาไทย

Change to English
 แสดงรายละเอียดบรรณานุกรม
  กลับหน้าหลัก

Brief Record : Get Marc (ISO 2709) : E-mail record : QR code < ปิดหน้าต่าง
LEADER : 00000nam 2200000uu 4500
001    13399126519
003     ULIB
008    181004s2561||||th 000 0 tha d
020    ^a9786164412231
060    ^aWJ300^bว645ด
100    ^aวิมลพรรณ วรรณพฤกษ์
245    ^aดูแลไตไม่ให้เสื่อม
250    ^aพิมพ์ครั้งที่ 3
260    ^aกรุงเทพฯ :^bFeel good Publishing,^c2561
300    ^a176 หน้า;^b19 ซม.
650    ^aไต--โรค--การรักษา
945    ^p139^l0^i26710
945    ^p139^l0^i26711
999    ^aกัณชพร จุลอักษร
รายการนี้ยังไม่มีแท็ก
คุณยังไม่ได้ล็อกอิน คุณสามารถมีกิจกรรมร่วมกับเว็บไซต์ได้ แต่ต้องล็อกอินก่อน ::
  ล็อกอิน

รายการสื่อสารสนเทศ

ลำดับที่ ประเภท เลขเรียก/บาร์โค้ด สถานที่ สถานะ
1. หนังสือสำรอง
หนังสือสำรอง
WJ300 ว645ด ฉ.1 
  Barcode: 26710
ห้องสมุดวิทยาเขตสวรรค์ประชารักษ์
►หนังสือทั่วไป
บนชั้น
2. วิทยาศาสตร์การแพทย์ และสุขภาพ
วิทยาศาสตร์การแพทย์ และสุขภาพ
WJ300 ว645ด ฉ.2 
  Barcode: 26711
ห้องสมุดวิทยาเขตสวรรค์ประชารักษ์
►หนังสือทั่วไป
บนชั้น

รายการใกล้เคียง
    ชื่อเรื่อง [ดูแลไตไม่ให้เสื่อม]

    หัวเรื่อง [ไต--โรค--การรักษา]

BibComment


ยังไม่เคยถูกคอมเมนท์

คอมเมนท์ทรัพยากรรายการนี้
  คอมเมนท์: ดูแลไตไม่ให้เสื่อม


 Copyright 2026. Bcnsprnw @Library